Hunter A

Evan Schleck, Matthew Kohn, Jacob Hardin-Bernhardt, Ian Lu


Current Events - U.S.225.00100%100%50%
Current Events - World326.67100%100%67%
Fine Arts - Architecture120.00100%100%0%
Fine Arts - Ballet/Dance120.00100%100%0%
Fine Arts - Film320.00100%67%33%
Fine Arts - Jazz120.00100%100%0%
Fine Arts - Miscellaneous220.00100%50%50%
Fine Arts - Music623.33100%83%50%
Fine Arts - Opera323.33100%67%67%
Fine Arts - Painting1025.00100%80%70%
Fine Arts - Photography120.00100%100%0%
Fine Arts - Sculpture230.00100%100%100%
Geography - Europe110.00100%0%0%
Geography - World425.0075%100%75%
History - American1325.38100%100%54%
History - Cross, Historiography, and Miscellaneous1027.00100%100%70%
History - European828.75100%100%88%
History - World1030.00100%100%100%
Literature - American1025.00100%90%60%
Literature - British822.50100%100%25%
Literature - European1121.82100%82%36%
Literature - World and Miscellaneous1124.55100%100%46%
Other - Other Academic and General Knowledge724.29100%86%57%
RMP - Christian Practice130.00100%100%100%
RMP - Greco-Roman Mythology230.00100%100%100%
RMP - Hinduism120.00100%100%0%
RMP - Jewish Practice130.00100%100%100%
RMP - New Testament120.00100%100%0%
RMP - Other Religion120.00100%100%0%
RMP - Philosophy514.00100%40%0%
RMP - World Mythology926.67100%100%67%
Science - Astronomy417.50100%50%25%
Science - Biology1221.67100%67%50%
Science - Chemistry1416.43100%57%7%
Science - Computer Science316.67100%67%0%
Science - Earth220.00100%100%0%
Science - Engineering and Miscellaneous215.0050%0%100%
Science - Math316.67100%67%0%
Science - Physics1316.1592%54%15%
Social Science - Anthropology110.000%100%0%
Social Science - Economics120.00100%100%0%
Social Science - Linguistics120.00100%100%0%
Social Science - Psychology120.00100%100%0%
Social Science - Sociology120.00100%100%0%